Neobvyklé proporcie medzi kategóriami príjmov na Slovensku

Neobvyklá kombinácia ekonomickej úrovne a štruktúry príjmov. Pomer podnikateľských príjmov k odmenám zamestnancov v krajinách strednej a východnej Európy vo vybraných periódach. Čo spôsobuje posun v štruktúre príjmov v prospech príjmov z podnikania a v neprospech miezd.

Guardado en:
Detalles Bibliográficos
Autor principal: Morvay, Karol, 1973-
Formato: Capítulo de libro
Lenguaje:eslovaco
Materias:
Etiquetas: Agregar Etiqueta
Sin Etiquetas, Sea el primero en etiquetar este registro!

MARC

LEADER 00000nla a2200000 4500
001 0169764
005 20240502072936.2
041 0 |a slo 
044 |a SK 
245 1 0 |a Neobvyklé proporcie medzi kategóriami príjmov na Slovensku  |c Karol Morvay 
520 |a Neobvyklá kombinácia ekonomickej úrovne a štruktúry príjmov. Pomer podnikateľských príjmov k odmenám zamestnancov v krajinách strednej a východnej Európy vo vybraných periódach. Čo spôsobuje posun v štruktúre príjmov v prospech príjmov z podnikania a v neprospech miezd. 
610 2 0 |a príjmy 
610 2 0 |a podnikanie 
610 2 0 |a mzdy 
610 2 0 |a úroveň rozvoja hospodárskeho 
610 2 0 |a Slovensko 
610 2 0 |a SVE 
610 2 0 |a krajiny vyspelé 
100 1 |a Morvay, Karol, 1973-